000 01082nam a22003497a 4500
001 BR0401288
003 BR-BrBNA
005 20230928101528.0
007 ta
008 230509b bl.||||| |||| 00| 0 por d
040 _aBR-BrBNA
_bpor
_cBiblioteca Nacional de Agricultura
041 _a(Por)
072 _aP01; L20; F40
090 _ P01 BR0401288
110 1 _aMinistério do Meio Ambiente, Brasília, DF (Brasil). Secretaria de Biodiversidade e Florestas
_97131
245 1 _aFragmentação de ecossistemas: causas, efeitos sobre a biodiversidade e recomendações de política públicas
260 3 _aBrasília, DF (Brasil):
_c2003.
300 _a507 p.
500 _aSeveral bibliography; 145 illus.; 36 tables
650 _aECOSSISTEMA
650 _aMEIO AMBIENTE
650 _aBIODIVERSIDADE
650 _aECOLOGIA
650 _aEQUILÍBRIO ECOLÓGICO
650 _aHABITAT
650 _aVEGETAÇÃO
650 _aFLORA
650 _aECOLOGIA AQUÁTICA
650 _aPOLÍTICA GOVERNAMENTAL
909 _a202309
_bLucia
_c55
_dLucia Elande
942 _cBK
999 _c66270
_d66270